| 000 | 00794nam a22002297a 4500 | ||
|---|---|---|---|
| 005 | 20170713130232.0 | ||
| 008 | 170713b mx ||||| |||| 00| 0 spa d | ||
| 020 | _a9707270039 (Cámara de Senadores) | ||
| 020 | _a9707012668 (M. A. Porrúa) | ||
| 050 | 0 | 4 |
_aJQ1499.A91 _bC75 2002 |
| 245 | 0 | 0 |
_aCrisis y transiciones políticas en Asia del Este _c/ coordinador Juan José Ramírez Bonilla. |
| 250 | _a1a ed. | ||
| 260 |
_aMéxico : _bEl Colegio de México |
||
| 260 | _bCámara de Senadores LVIII Legislatura | ||
| 260 |
_bMiguel Ángel Porrúa, _c2002. |
||
| 300 |
_a296 p. ; _c23 cm. |
||
| 504 | _aIncluye índice. | ||
| 651 | 4 |
_aAsia del Este _xPolítica y gobierno |
|
| 651 | 4 |
_aAsia del este _xHistoria |
|
| 700 | 1 |
_aRamírez Bonilla, Juan José, _ecoordinador |
|
| 942 |
_2lcc _cLIB |
||
| 999 |
_c135679 _d135679 |
||